| 000 | 00682nam a2200253 a 4500 | ||
|---|---|---|---|
| 001 | nice12345678 | ||
| 003 | IN_TiNIC | ||
| 005 | 20260116013509.0 | ||
| 008 | 050524s1980 cana grp 000 0 eng | ||
| 020 |
_a _c400 |
||
| 082 | 0 | 0 |
_a297.8 _bRIZ |
| 100 | _aRizvi, Sajid Athar Abbas | ||
| 245 |
_aShah Waliullah and His Times _b a Study of Eighteenth Century Islam.... |
||
| 260 |
_aCanberra _bMarifat Pub.House _c1980 |
||
| 300 | _a452p | ||
| 500 | _aincludes index and biblioraphy | ||
| 505 | 2 | _aBibliography, Index | |
| 650 | _aShah Waliullah | ||
| 650 | _aIslam-Movements | ||
| 700 | 1 | _aRizvi, Sajid Athar Abbas | |
| 902 | _bSRS | ||
| 942 | _cBK | ||
| 999 |
_c11212 _d11212 |
||